| 000 | 00833pam a2200265 a 4500 | ||
|---|---|---|---|
| 999 |
_c23886 _d23886 |
||
| 001 | 3887991 | ||
| 003 | OSt | ||
| 005 | 20210113113855.0 | ||
| 008 | 901015s1991 nyua b 001 0 eng | ||
| 010 | _a 90021490 | ||
| 020 | _a0070007616 | ||
| 040 |
_aMMU _cMMU _dMMU _beng |
||
| 043 | _an-us--- | ||
| 050 | 0 | 0 |
_aLB3051 _b.A5627 1991 |
| 082 | 0 | 0 |
_a371.2/7 _220 |
| 100 | 1 | _aAirasian, Peter W. | |
| 245 | 1 | 0 |
_aClassroom assessment / _cPeter W. Airasian. |
| 260 |
_aNew York : _bMcGraw-Hill, _cc1991. |
||
| 300 |
_axii, 450 p. : _bill. ; _c24 cm. |
||
| 504 | _aIncludes bibliographical references (p. 425-435) and indexes. | ||
| 650 | 0 |
_aEducational tests and measurements _zUnited States. |
|
| 650 | 0 |
_aAcademic achievement _zUnited States _xTesting. |
|
| 650 | 0 |
_aEducation _zUnited States _xEvaluation. |
|
| 942 |
_2lcc _cLOAN LOAN |
||